The Cotton Guard AI Cotton Disease Detection Using Deep Learning Methods / (Record no. 611615)
[ view plain ]
| 000 -LEADER | |
|---|---|
| fixed length control field | 01695nam a22001817a 4500 |
| 003 - CONTROL NUMBER IDENTIFIER | |
| control field | NUST |
| 005 - DATE AND TIME OF LATEST TRANSACTION | |
| control field | 20240920145905.0 |
| 082 ## - DEWEY DECIMAL CLASSIFICATION NUMBER | |
| Classification number | 005.1,BUT |
| 100 ## - MAIN ENTRY--PERSONAL NAME | |
| Personal name | Butt, Shehroz |
| 9 (RLIN) | 125937 |
| 245 ## - TITLE STATEMENT | |
| Title | The Cotton Guard AI Cotton Disease Detection Using Deep Learning Methods / |
| Statement of responsibility, etc. | Capt Shehroz Butt, Maj Muhammad Sohaib, Capt Mehroz Qasim, Capt Moeez Ahmed Farooq. |
| 260 ## - PUBLICATION, DISTRIBUTION, ETC. | |
| Place of publication, distribution, etc. | MCS, NUST |
| Name of publisher, distributor, etc. | Rawalpindi |
| Date of publication, distribution, etc. | 2024 |
| 300 ## - PHYSICAL DESCRIPTION | |
| Extent | 48 p |
| 505 ## - FORMATTED CONTENTS NOTE | |
| Formatted contents note | An early detection of crop diseases is important as it helps in minimizing the losses which would otherwise be incurred and ensuring food security for the agricultural sectors worldwide including Pakistan Army's agriculture-based initiatives. This specific project aims to diagnose cotton diseases through a deep learning approach— more precisely Convolutional Neural Networks (CNNs). The system proposed based on CNN endeavors to detect different types of diseases by studying pictures of cotton plants that are taken in the field— this can lead to an immediate implementation of control measures. Despite its simplicity, this project plays a major role in improving sustainability and productivity among the large scale of cotton farming undertaken by the Pakistan Army as it covers thousands acres with agricultural lands. This study highlights the fusion of cutting-edge deep learning algorithms with pragmatic agricultural goals— an epitome of where technology meets agriculture. This could resonate with various other agricultural development projects in the locality, hence having a broader reach for the impact. |
| 650 ## - SUBJECT ADDED ENTRY--TOPICAL TERM | |
| Topical term or geographic name entry element | UG BESE |
| 9 (RLIN) | 114271 |
| 651 ## - SUBJECT ADDED ENTRY--GEOGRAPHIC NAME | |
| Geographic name | BESE-26 |
| 9 (RLIN) | 125902 |
| 700 ## - ADDED ENTRY--PERSONAL NAME | |
| Personal name | Supervisor Dr. Muhammd Sohail |
| 9 (RLIN) | 125938 |
| 942 ## - ADDED ENTRY ELEMENTS (KOHA) | |
| Source of classification or shelving scheme | |
| Koha item type | Project Report |
No items available.
